[Event "5. Open Memorial Pedro Lezcano 2012"]
[Site "Gran Canaria ESP"]
[Date "2012.04.05"]
[Round "5.16"]
[White "Meneses Gonzalez, Kevin Moises"]
[Black "Rodriguez Lorenzo, Yadira"]
[Result "1-0"]
[WhiteElo "2248"]
[BlackElo "2042"]
[PlyCount "59"]
[EventDate "2012.04.02"]
[EventType "swiss"]
[EventRounds "9"]
[EventCountry "ESP"]
[Source "lmi"]
[SourceDate "2012.04.02"]

1. e4 e5 2. Nf3 Nf6 3. Nxe5 Nxe4 4. Qe2 Qe7 5. Qxe4 d6 6. d4 dxe5 7. dxe5 Nc6
8. f4 Bg4 9. Nc3 O-O-O 10. Be3 Qb4 11. Rb1 Nd4 12. a3 Qc5 13. Bd3 g6 14. Bxd4
Rxd4 15. Qe3 Bh6 16. Nb5 Rd5 17. Qxc5 Rxc5 18. O-O Rd8 19. b4 Rxd3 20. bxc5 Rd2
21. Nxa7+ Kd7 22. Nb5 Be2 23. Rf2 Bf8 24. Nd6 cxd6 25. cxd6 Rxc2 26. Rxb7+ Ke6
27. h3 f6 28. Rb8 Bh6 29. Re8+ Kf7 30. g4 1-0

[Event "5. Open Memorial Pedro Lezcano 2012"]
[Site "Gran Canaria ESP"]
[Date "2012.04.05"]
[Round "5.17"]
[White "Alvarado Diaz, Alejandro"]
[Black "Strikovic, Aleksa"]
[Result "0-1"]
[WhiteElo "2219"]
[BlackElo "2559"]
[PlyCount "74"]
[EventDate "2012.04.02"]
[EventType "swiss"]
[EventRounds "9"]
[EventCountry "ESP"]
[Source "lmi"]
[SourceDate "2012.04.02"]

1. d4 d6 2. Nf3 f5 3. c4 Nf6 4. Nc3 g6 5. b4 Bg7 6. Bb2 O-O 7. e3 c6 8. Qb3 h6
9. Be2 Kh7 10. O-O Na6 11. Rfd1 Nc7 12. a4 Be6 13. b5 Rb8 14. Ba3 Ne4 15. Qc2
Nxc3 16. Qxc3 Ne8 17. bxc6 bxc6 18. Rab1 Nf6 19. Bd3 c5 20. Rxb8 Qxb8 21. Rb1
Qc7 22. Qb3 Ne4 23. h4 cxd4 24. exd4 Rc8 25. Rc1 Bd7 26. c5 dxc5 27. dxc5 Bc6
28. h5 gxh5 29. Qf7 Rf8 30. Qxh5 Qd7 31. Bb1 Qd5 32. Re1 Nd2 33. Bc1 Nxf3+ 34.
gxf3 e6 35. Bf4 Rf6 36. Bd6 Rg6+ 37. Bg3 Rg5 0-1

[Event "5. Open Memorial Pedro Lezcano 2012"]
[Site "Gran Canaria ESP"]
[Date "2012.04.05"]
[Round "5.18"]
[White "Robin, Samy"]
[Black "Vega Gutierrez, Belinda"]
[Result "1/2-1/2"]
[WhiteElo "2298"]
[BlackElo "2177"]
[PlyCount "170"]
[EventDate "2012.04.02"]
[EventType "swiss"]
[EventRounds "9"]
[EventCountry "ESP"]
[Source "lmi"]
[SourceDate "2012.04.02"]

1. e4 e5 2. Nf3 Nc6 3. Nc3 Nf6 4. g3 Be7 5. Bg2 O-O 6. O-O d6 7. h3 Re8 8. d4
h6 9. Be3 Bf8 10. Qd2 exd4 11. Nxd4 Ne5 12. Qe2 c5 13. Nf3 Be6 14. Nxe5 dxe5
15. Rfd1 Qc8 16. Kh2 Rd8 17. a4 c4 18. Rxd8 Qxd8 19. a5 Bb4 20. a6 bxa6 21. Nd5
Bxd5 22. exd5 Rc8 23. Bxa7 e4 24. Rxa6 Bc5 25. Bxc5 Rxc5 26. Bxe4 Qe8 27. Rxf6
gxf6 28. Qg4+ Kf8 29. Qf4 Qe5 30. Qxh6+ Ke7 31. Qe3 Kd6 32. b4 cxb3 33. cxb3
Qc3 34. Qh6 Ke7 35. d6+ Kxd6 36. Qf8+ Ke6 37. Qe8+ Kd6 38. Qxf7 Qe5 39. Qf8+
Ke6 40. b4 Rc1 41. Qe8+ Kd6 42. Qd8+ Ke6 43. Qb6+ Ke7 44. Qe3 Rc4 45. Qa7+ Rc7
46. Qb6 Rc1 47. Bg2 Rc2 48. h4 Qb2 49. Qb7+ Kf8 50. f4 Rc4 51. Qb8+ Ke7 52.
Qb7+ Kf8 53. b5 Rb4 54. Qc8+ Ke7 55. Qc5+ Kf7 56. Qc7+ Ke6 57. Qc8+ Kd6 58.
Qf8+ Ke6 59. Qc8+ Kd6 60. Qh3 Rxb5 61. h5 Qc2 62. g4 Qd2 63. Qg3 f5 64. g5 Qe2
65. Qa3+ Rc5 66. Qh3 Qd2 67. Qg3 Qe2 68. Qf3 Qxf3 69. Bxf3 Ke7 70. h6 Kf7 71.
Bh5+ Kg8 72. g6 Rc3 73. Kg2 Kh8 74. Bf3 Rd3 75. Kf2 Rd6 76. g7+ Kh7 77. Bd5 Rg6
78. Kf3 Rg4 79. g8=Q+ Rxg8 80. Bxg8+ Kxg8 81. Ke3 Kh7 82. Kd4 Kxh6 83. Ke5 Kg6
84. Ke6 Kg7 85. Kxf5 Kf7 1/2-1/2

[Event "5. Open Memorial Pedro Lezcano 2012"]
[Site "Gran Canaria ESP"]
[Date "2012.04.05"]
[Round "5.19"]
[White "De La Hoz Sanchez, Ruben"]
[Black "Valles, Manuel"]
[Result "1/2-1/2"]
[WhiteElo "1961"]
[BlackElo "2260"]
[PlyCount "44"]
[EventDate "2012.04.02"]
[EventType "swiss"]
[EventRounds "9"]
[EventCountry "ESP"]
[Source "lmi"]
[SourceDate "2012.04.02"]

1. d4 Nf6 2. c4 g6 3. Nc3 Bg7 4. e4 d6 5. f3 O-O 6. Be3 e5 7. dxe5 dxe5 8. Qxd8
Rxd8 9. Nd5 Nxd5 10. cxd5 c6 11. Bc4 cxd5 12. Bxd5 Nc6 13. O-O-O Nd4 14. Bxd4
exd4 15. Ne2 Be6 16. Bxe6 fxe6 17. Kc2 e5 18. g3 Rd6 19. Kd3 Rb6 20. Rb1 Rf8
21. f4 Kf7 22. Rhc1 Ke6 1/2-1/2

[Event "5. Open Memorial Pedro Lezcano 2012"]
[Site "Gran Canaria ESP"]
[Date "2012.04.05"]
[Round "5.20"]
[White "Korneev, Svyatoslav"]
[Black "Herrera Reyes, Jose Antonio"]
[Result "1/2-1/2"]
[WhiteElo "1938"]
[BlackElo "2220"]
[PlyCount "82"]
[EventDate "2012.04.02"]
[EventType "swiss"]
[EventRounds "9"]
[EventCountry "ESP"]
[Source "lmi"]
[SourceDate "2012.04.02"]

1. c4 Nf6 2. g3 e5 3. Bg2 d6 4. Nc3 Be7 5. d3 O-O 6. Nf3 c6 7. O-O Bg4 8. b4
Qd7 9. Qb3 Qf5 10. b5 Rc8 11. bxc6 bxc6 12. Qb7 Nbd7 13. Nh4 Qe6 14. Bxc6 Nc5
15. Qxa8 Rxa8 16. Bxa8 e4 17. Be3 exd3 18. Bxc5 dxe2 19. Rfe1 dxc5 20. Nxe2
Qxc4 21. Nf4 Bf8 22. Nhg2 Qa4 23. Ne3 Bd7 24. Ned5 Bc6 25. Nxf6+ gxf6 26. Bxc6
Qxc6 27. Rac1 Qa4 28. Re2 Bd6 29. Nh5 Be5 30. Rxc5 h6 31. Kg2 Qd4 32. Rcc2 a5
33. Rcd2 Qc4 34. Rc2 Qd5+ 35. f3 a4 36. Re4 a3 37. Rce2 Bb2 38. Rxb2 axb2 39.
Nxf6+ Kg7 40. Nxd5 b1=Q 41. Re2 Qd3 1/2-1/2

[Event "5. Open Memorial Pedro Lezcano 2012"]
[Site "Gran Canaria ESP"]
[Date "2012.04.05"]
[Round "5.21"]
[White "Illijin, Neboisa"]
[Black "Buet, Samuel"]
[Result "1-0"]
[WhiteElo "2191"]
[BlackElo "1826"]
[PlyCount "91"]
[EventDate "2012.04.02"]
[EventType "swiss"]
[EventRounds "9"]
[EventCountry "ESP"]
[Source "lmi"]
[SourceDate "2012.04.02"]

1. e4 c5 2. Nf3 d6 3. d4 cxd4 4. Nxd4 Nf6 5. Nc3 g6 6. Be3 Bg7 7. h3 Nc6 8. Bc4
O-O 9. O-O Bd7 10. Re1 Rc8 11. Bb3 Ne5 12. Qe2 a6 13. f4 Nc6 14. Rad1 Na5 15.
e5 dxe5 16. fxe5 Rxc3 17. bxc3 Ne4 18. Nf3 Qc8 19. Bd4 Bc6 20. Qe3 Nxb3 21.
cxb3 Ng3 22. Qf2 Ne4 23. Qh4 Nxc3 24. Bxc3 Bxf3 25. Rc1 Bc6 26. Bb4 Qf5 27.
Bxe7 Re8 28. Bf6 Bf8 29. Qf2 Qd3 30. h4 Qb5 31. h5 b6 32. hxg6 fxg6 33. Qh4 Qd5
34. Qc4 Bc5+ 35. Kh2 Qxc4 36. Rxc4 Bd5 37. Rc2 Kf7 38. Rd1 Ke6 39. Rcd2 Be4 40.
Kg3 a5 41. Kf4 Ba8 42. g3 h6 43. Rd8 g5+ 44. Kg4 Bc6 45. R1d6+ Bxd6 46. Rxd6+
1-0

[Event "5. Open Memorial Pedro Lezcano 2012"]
[Site "Gran Canaria ESP"]
[Date "2012.04.05"]
[Round "5.22"]
[White "Kleine, Peter"]
[Black "Capote Robayna, Nathaniel"]
[Result "0-1"]
[WhiteElo "1833"]
[BlackElo "2054"]
[PlyCount "64"]
[EventDate "2012.04.02"]
[EventType "swiss"]
[EventRounds "9"]
[EventCountry "ESP"]
[Source "lmi"]
[SourceDate "2012.04.02"]

1. Nh3 d5 2. g3 Nf6 3. Bg2 c5 4. c3 Bf5 5. O-O e5 6. d4 e4 7. Bg5 Nbd7 8. Qa4
Qb6 9. Bxf6 Qxf6 10. Nf4 Qc6 11. Qd1 c4 12. b3 cxb3 13. Qxb3 Nb6 14. Nd2 Be7
15. e3 Rc8 16. Rfc1 g5 17. Bf1 Nc4 18. Nxd5 Nxd2 19. Bb5 Nxb3 20. Bxc6+ bxc6
21. Nxe7 Nxc1 22. Nxc8 Ne2+ 23. Kf1 Bxc8 24. Kxe2 Ba6+ 25. Kd2 Kd7 26. Rb1 Kc7
27. Rb4 Bb5 28. c4 a5 29. Rb2 Bxc4 30. Rc2 Bd5 31. Rc5 Kb6 32. a4 Ka6 0-1

[Event "5. Open Memorial Pedro Lezcano 2012"]
[Site "Gran Canaria ESP"]
[Date "2012.04.05"]
[Round "5.23"]
[White "Nortes Hernandez, Pedro"]
[Black "Perez Castellano, Susana"]
[Result "1-0"]
[WhiteElo "2048"]
[BlackElo "1817"]
[PlyCount "76"]
[EventDate "2012.04.02"]
[EventType "swiss"]
[EventRounds "9"]
[EventCountry "ESP"]
[Source "lmi"]
[SourceDate "2012.04.02"]

1. e4 e5 2. Nf3 Nc6 3. Bc4 Bc5 4. O-O Nf6 5. c3 O-O 6. d4 Be7 7. d5 Nb8 8. Nbd2
d6 9. h3 Nbd7 10. Re1 c6 11. dxc6 bxc6 12. Nf1 Nb6 13. Bb3 Qc7 14. Ng3 a5 15.
a4 Nbd7 16. Nf5 Nc5 17. Nxe7+ Qxe7 18. Bc2 Rb8 19. Rb1 Na6 20. Bg5 h6 21. Bh4
g5 22. Bg3 Be6 23. Qd2 Nh5 24. Qe2 Nc7 25. Bh2 Nf4 26. Bxf4 gxf4 27. b4 axb4
28. cxb4 Kh8 29. Kh2 Bd7 30. Qd2 Rg8 31. Bb3 Rg6 32. Rg1 Na6 33. Bc4 Bc8 34. g3
fxg3+ 35. fxg3 Qd7 36. g4 Rf6 37. Rg3 Rf4 38. Bxa6 Rxf3 1-0

[Event "5. Open Memorial Pedro Lezcano 2012"]
[Site "Gran Canaria ESP"]
[Date "2012.04.05"]
[Round "5.24"]
[White "Gonzalez Intelangelo, Gerardo"]
[Black "Capote Robayna, Johanna"]
[Result "1/2-1/2"]
[WhiteElo "2020"]
[BlackElo "1809"]
[PlyCount "84"]
[EventDate "2012.04.02"]
[EventType "swiss"]
[EventRounds "9"]
[EventCountry "ESP"]
[Source "lmi"]
[SourceDate "2012.04.02"]

1. c4 e5 2. Nc3 Nf6 3. g3 d5 4. cxd5 Nxd5 5. Bg2 Nb6 6. Nf3 Nc6 7. O-O Be7 8.
d3 O-O 9. a3 a5 10. b3 f5 11. Bb2 Bf6 12. Qc2 Qe7 13. e3 Qf7 14. Nd2 Be6 15.
Rac1 Rfd8 16. Rfe1 Rab8 17. Nb5 Bd5 18. e4 fxe4 19. Bxe4 Bxe4 20. Nxe4 Nd5 21.
Qc4 Rbc8 22. Nc5 Nd4 23. Bxd4 c6 24. Bb2 cxb5 25. Qxb5 b6 26. Ne4 Rxc1 27. Rxc1
Qg6 28. Qc4 Kh8 29. Bxe5 Bxe5 30. Qxd5 Qe8 31. Qc4 Bb2 32. Rd1 Bxa3 33. Ng5 Rc8
34. Qh4 h6 35. Ne4 Qb5 36. Qg4 Rd8 37. Qe6 Rxd3 38. Rxd3 Qxd3 39. Qc8+ Kh7 40.
Qf5+ Kh8 41. Qc8+ Kh7 42. Qf5+ Kh8 1/2-1/2

[Event "5. Open Memorial Pedro Lezcano 2012"]
[Site "Gran Canaria ESP"]
[Date "2012.04.05"]
[Round "5.25"]
[White "Guerra Arrocha, Daniel"]
[Black "Cruz Pino, Adrian"]
[Result "1-0"]
[WhiteElo "1771"]
[BlackElo "2011"]
[PlyCount "75"]
[EventDate "2012.04.02"]
[EventType "swiss"]
[EventRounds "9"]
[EventCountry "ESP"]
[Source "lmi"]
[SourceDate "2012.04.02"]

1. e4 c5 2. Nf3 d6 3. d4 cxd4 4. Nxd4 Nf6 5. Nc3 a6 6. Be3 Ng4 7. Bc1 Nc6 8.
Nxc6 bxc6 9. Be2 Nf6 10. O-O Rb8 11. b3 g6 12. Bf3 Qc7 13. a4 Bg7 14. Bd2 O-O
15. a5 e5 16. Na4 d5 17. Nc5 dxe4 18. Nxe4 Nxe4 19. Bxe4 f5 20. Bd3 Kh8 21. Bc3
Qd6 22. Qe2 Ra8 23. Rfe1 Re8 24. Rad1 Qc5 25. Bd2 Rf8 26. b4 Qd4 27. c3 Qh4 28.
f3 Bb7 29. Rf1 Rfe8 30. Be1 Qg5 31. Bc4 e4 32. Rd7 exf3 33. Qxf3 Re7 34. Bd2
Qf6 35. Qd3 Rae8 36. Rxe7 Rxe7 37. Bxa6 Bxa6 38. Bg5 1-0

[Event "5. Open Memorial Pedro Lezcano 2012"]
[Site "Gran Canaria ESP"]
[Date "2012.04.05"]
[Round "5.26"]
[White "Garcia Rodriguez, Sara"]
[Black "Schlittermann, Wolfgang"]
[Result "1-0"]
[WhiteElo "2011"]
[BlackElo "1751"]
[PlyCount "93"]
[EventDate "2012.04.02"]
[EventType "swiss"]
[EventRounds "9"]
[EventCountry "ESP"]
[Source "lmi"]
[SourceDate "2012.04.02"]

1. e4 c5 2. Nf3 e6 3. d4 cxd4 4. Nxd4 a6 5. Nc3 Bb4 6. Bd2 Qb6 7. Nb3 Ne7 8.
Bd3 d5 9. O-O dxe4 10. Bxe4 Qc7 11. a3 Bd6 12. h3 O-O 13. Bd3 Nbc6 14. Ne4 Bf4
15. Bc3 Be5 16. Re1 Bxc3 17. Nxc3 b5 18. Qh5 f5 19. Rad1 Bd7 20. Nc5 Be8 21.
Qg5 Bf7 22. Nxe6 Bxe6 23. Rxe6 Rad8 24. Rde1 Rf7 25. a4 b4 26. Nd1 Kf8 27. Ne3
Nd4 28. Rxa6 f4 29. Nc4 f3 30. Qe5 Qxe5 31. Nxe5 fxg2 32. Kxg2 Rf6 33. Rxf6+
gxf6 34. Nf3 b3 35. Nxd4 Rxd4 36. Re4 bxc2 37. Bxc2 Rd2 38. Rc4 Nd5 39. Kf3 Nb6
40. Rc7 Nd7 41. a5 Ne5+ 42. Ke3 Rd6 43. Bxh7 Ra6 44. b4 Ke8 45. Bd3 Ra8 46. f4
Nd7 47. Bb5 1-0

[Event "5. Open Memorial Pedro Lezcano 2012"]
[Site "Gran Canaria ESP"]
[Date "2012.04.05"]
[Round "5.27"]
[White "Cruz Ramirez, Nauzet"]
[Black "Perez Barreto, Adrian"]
[Result "0-1"]
[WhiteElo "1710"]
[BlackElo "1956"]
[PlyCount "54"]
[EventDate "2012.04.02"]
[EventType "swiss"]
[EventRounds "9"]
[EventCountry "ESP"]
[Source "lmi"]
[SourceDate "2012.04.02"]

1. d4 Nf6 2. c4 g6 3. Nc3 Bg7 4. e4 d6 5. Nf3 O-O 6. Be2 e5 7. O-O Nc6 8. d5
Ne7 9. b4 Ne8 10. c5 f5 11. Nd2 Nf6 12. f3 f4 13. Nc4 g5 14. Ba3 Ng6 15. b5
dxc5 16. Bxc5 Rf7 17. Qb3 Bf8 18. Ba3 g4 19. Nd2 Bd6 20. Na4 g3 21. Rfe1 Rg7
22. h3 Nh4 23. Nc5 Qe7 24. Ne6 Bxe6 25. Bxd6 Qxd6 26. Nc4 Qc5+ 27. Kh1 Bxh3 0-1

[Event "5. Open Memorial Pedro Lezcano 2012"]
[Site "Gran Canaria ESP"]
[Date "2012.04.05"]
[Round "5.28"]
[White "Rodriguez Manzaneda, Irene"]
[Black "Mayor Gonzalez, Julio"]
[Result "0-1"]
[WhiteElo "1686"]
[BlackElo "1943"]
[PlyCount "80"]
[EventDate "2012.04.02"]
[EventType "swiss"]
[EventRounds "9"]
[EventCountry "ESP"]
[Source "lmi"]
[SourceDate "2012.04.02"]

1. e4 e5 2. Nf3 Nc6 3. Bb5 a6 4. Bxc6 dxc6 5. O-O Bg4 6. h3 h5 7. d3 Qf6 8. Be3
Bxf3 9. Qxf3 Qxf3 10. gxf3 Bd6 11. Nd2 Ne7 12. Rfb1 c5 13. Kf1 Kd7 14. Ke2 Raf8
15. Nc4 Nc6 16. c3 f5 17. Rg1 Rhg8 18. Nxd6 cxd6 19. Rg5 f4 20. Bd2 g6 21. Rag1
Ne7 22. a3 a5 23. d4 cxd4 24. cxd4 Nc6 25. Rxg6 Nxd4+ 26. Kd3 Rxg6 27. Rxg6 b6
28. b4 a4 29. Rh6 Rg8 30. Bxf4 Nb5 31. Bc1 Rg1 32. Kd2 Rf1 33. Rxh5 Nd4 34. Bb2
Rxf2+ 35. Kc1 Nb3+ 36. Kb1 Nd2+ 37. Kc1 Nc4 38. Bc3 Rxf3 39. Bb2 Rb3 40. Ba1
Nxa3 0-1

[Event "5. Open Memorial Pedro Lezcano 2012"]
[Site "Gran Canaria ESP"]
[Date "2012.04.05"]
[Round "5.29"]
[White "Santana Gil, Odama"]
[Black "Guerrero Romero, Antonio"]
[Result "1/2-1/2"]
[WhiteElo "1663"]
[BlackElo "1933"]
[PlyCount "67"]
[EventDate "2012.04.02"]
[EventType "swiss"]
[EventRounds "9"]
[EventCountry "ESP"]
[Source "lmi"]
[SourceDate "2012.04.02"]

1. e4 Nf6 2. e5 Nd5 3. d4 d6 4. c4 Nb6 5. exd6 exd6 6. Nc3 Be7 7. Bd3 Nc6 8.
Nge2 Bg4 9. f3 Bd7 10. Be3 Nb4 11. O-O Nxd3 12. Qxd3 O-O 13. Rad1 Re8 14. c5
Na4 15. Qd2 Nxc3 16. Nxc3 Bf5 17. cxd6 Bxd6 18. Bf4 c6 19. Rfe1 Qc7 20. Bxd6
Qxd6 21. Ne4 Qg6 22. Qf4 Bxe4 23. fxe4 h6 24. b3 Rad8 25. Qf3 Rd6 26. d5 cxd5
27. exd5 Rxe1+ 28. Rxe1 Rd7 29. Rd1 Qb6+ 30. Kh1 a6 31. h3 Qc5 32. Qe2 Qd6 33.
Qe8+ Kh7 34. Qe4+ 1/2-1/2

[Event "5. Open Memorial Pedro Lezcano 2012"]
[Site "Gran Canaria ESP"]
[Date "2012.04.05"]
[Round "5.30"]
[White "Rodriguez Perez, Jezabel"]
[Black "Engelbrecht, Kevin P"]
[Result "0-1"]
[WhiteElo "1902"]
[BlackElo "1740"]
[PlyCount "115"]
[EventDate "2012.04.02"]
[EventType "swiss"]
[EventRounds "9"]
[EventCountry "ESP"]
[Source "lmi"]
[SourceDate "2012.04.02"]

1. Nf3 Nf6 2. d4 e6 3. c4 d5 4. Nc3 Be7 5. c5 O-O 6. a3 b6 7. b4 bxc5 8. bxc5
Ba6 9. Ne5 Ne4 10. Qc2 Nxc3 11. Qxc3 f6 12. Nf3 e5 13. e3 Bxf1 14. Kxf1 e4 15.
Nd2 f5 16. g3 Nd7 17. Nb3 Qe8 18. h3 Qh5 19. Qe1 Nf6 20. Qe2 Qh6 21. Kg2 g5 22.
f4 gxf4 23. exf4 Kh8 24. Be3 Rg8 25. Rag1 Nh5 26. g4 fxg4 27. hxg4 Nxf4+ 28.
Bxf4 Qxf4 29. Kh3 Rg6 30. Rf1 Qg5 31. Kg3 Rag8 32. Rf4 Bf8 33. Rhf1 Bh6 34. Nd2
Qe7 35. Rf7 Rxg4+ 36. Qxg4 Rxg4+ 37. Kxg4 Qg5+ 38. Kh3 Qh5+ 39. Kg2 Qg4+ 40.
Kh2 Qh5+ 41. Kg2 Qg5+ 42. Kh3 Qxd2 43. R7f2 Qe3+ 44. Kg2 Qg5+ 45. Kh3 e3 46.
Rg2 Qh5+ 47. Kg3 e2 48. Re1 Qg5+ 49. Kh3 Qf5+ 50. Kh2 Bf4+ 51. Kg1 Be3+ 52. Kh2
Qh5+ 53. Kg3 Bxd4 54. Rgxe2 Qg5+ 55. Kh3 Qh5+ 56. Kg2 Bxc5 57. Re5 Qg4+ 58. Kf1
0-1

[Event "5. Open Memorial Pedro Lezcano 2012"]
[Site "Gran Canaria ESP"]
[Date "2012.04.05"]
[Round "5.31"]
[White "Perez Castellano, Yaiza"]
[Black "Marrero Cardenes, Agustin"]
[Result "0-1"]
[WhiteElo "1642"]
[BlackElo "1895"]
[PlyCount "100"]
[EventDate "2012.04.02"]
[EventType "swiss"]
[EventRounds "9"]
[EventCountry "ESP"]
[Source "lmi"]
[SourceDate "2012.04.02"]

1. e4 c6 2. d4 d5 3. Nc3 dxe4 4. Nxe4 Nf6 5. Ng3 Bg4 6. Be2 Bxe2 7. N1xe2 g6 8.
O-O Bg7 9. c3 O-O 10. Qb3 Qb6 11. Qc2 Nbd7 12. Re1 Rac8 13. Nf4 Rfe8 14. Ne4
Nd5 15. Nd3 Qd8 16. Be3 Nxe3 17. Rxe3 Nf6 18. Rae1 Nxe4 19. Rxe4 b6 20. Qe2 e6
21. Qf3 Qd6 22. Qh3 c5 23. dxc5 bxc5 24. Qe3 Red8 25. Ne5 Qd5 26. b3 f5 27.
Nxg6 Qxe4 28. Qxe4 fxe4 29. Ne7+ Kf7 30. Nxc8 Rxc8 31. Rxe4 Bxc3 32. Rf4+ Kg6
33. Rg4+ Kf5 34. Rh4 Rc7 35. Rh3 Bb4 36. Rd3 a5 37. Kf1 e5 38. Ke2 c4 39. bxc4
Rxc4 40. Kd1 Rd4 41. Rxd4 exd4 42. Ke2 h5 43. h3 Bc3 44. a4 h4 45. g3 hxg3 46.
fxg3 Ke4 47. g4 d3+ 48. Kd1 Bf6 49. Kd2 Bg5+ 50. Kd1 Ke3 0-1

[Event "5. Open Memorial Pedro Lezcano 2012"]
[Site "Gran Canaria ESP"]
[Date "2012.04.05"]
[Round "5.33"]
[White "Aguila Hernandez, Eduardo"]
[Black "Manchon Santana, Alberto"]
[Result "0-1"]
[WhiteElo "1864"]
[BlackElo "1475"]
[PlyCount "120"]
[EventDate "2012.04.02"]
[EventType "swiss"]
[EventRounds "9"]
[EventCountry "ESP"]
[Source "lmi"]
[SourceDate "2012.04.02"]

1. e4 c5 2. Nf3 d6 3. d4 cxd4 4. Nxd4 Nf6 5. Nc3 g6 6. Bc4 Bg7 7. Be3 O-O 8. f3
Nc6 9. Bb3 Bd7 10. Qd2 Rc8 11. g4 Ne5 12. h4 h5 13. gxh5 Nxh5 14. O-O-O Nc4 15.
Bxc4 Rxc4 16. f4 Qa5 17. Kb1 Rfc8 18. Nb3 Qa6 19. Bd4 Bh6 20. Be3 Rxc3 21. bxc3
Ng3 22. Bd4 Nxh1 23. Rxh1 Bg4 24. Rg1 Bh5 25. Qf2 Qe2 26. Qg3 Qxe4 27. Re1 Qxf4
28. Qxf4 Bxf4 29. Rxe7 Be5 30. Rxb7 a6 31. Kb2 Kg7 32. Rb6 Be2 33. Rxd6 Re8 34.
Nc5 Kh6 35. Bxe5 Rxe5 36. Nxa6 f5 37. Nb4 f4 38. Nd3 Bxd3 39. Rxd3 Rf5 40. Rf3
Kh5 41. c4 Kg4 42. Rf1 f3 43. Kc3 f2 44. Kd4 Kf3 45. c5 Kg2 46. Rb1 f1=Q 47.
Rxf1 Kxf1 48. c6 Kg2 49. c7 Rf8 50. Kd5 Kg3 51. a4 Kxh4 52. a5 g5 53. a6 g4 54.
Kc6 g3 55. Kb7 g2 56. c8=Q Rxc8 57. Kxc8 g1=Q 58. Kb7 Qb1+ 59. Ka7 Kg5 60. c4
Kf6 0-1

[Event "5. Open Memorial Pedro Lezcano 2012"]
[Site "Gran Canaria ESP"]
[Date "2012.04.05"]
[Round "5.34"]
[White "Ramirez Medina, Victor"]
[Black "Sanchez Ramirez, Gustavo"]
[Result "1-0"]
[WhiteElo "1863"]
[BlackElo "1641"]
[PlyCount "41"]
[EventDate "2012.04.02"]
[EventType "swiss"]
[EventRounds "9"]
[EventCountry "ESP"]
[Source "lmi"]
[SourceDate "2012.04.02"]

1. e4 c5 2. Nf3 Nc6 3. d4 cxd4 4. Nxd4 e5 5. Nb5 a6 6. Nd6+ Bxd6 7. Qxd6 Qe7 8.
Qd1 Qb4+ 9. Nc3 Nf6 10. Bd3 d5 11. exd5 Nxd5 12. Bd2 Qd6 13. O-O Nxc3 14. Bxc3
Be6 15. b4 Rd8 16. a3 O-O 17. Re1 Qe7 18. Qe2 Nd4 19. Bxd4 exd4 20. Qh5 Rd5 21.
Qxh7# 1-0

[Event "5. Open Memorial Pedro Lezcano 2012"]
[Site "Gran Canaria ESP"]
[Date "2012.04.05"]
[Round "5.35"]
[White "Falcon Diaz, Francisco Samuel"]
[Black "Saad Addin Quintana, Samir N"]
[Result "1-0"]
[WhiteElo "1600"]
[BlackElo "1879"]
[PlyCount "31"]
[EventDate "2012.04.02"]
[EventType "swiss"]
[EventRounds "9"]
[EventCountry "ESP"]
[Source "lmi"]
[SourceDate "2012.04.02"]

1. e4 c5 2. Nf3 d6 3. d4 cxd4 4. Nxd4 Nf6 5. Nc3 a6 6. Bc4 e5 7. Nf3 Be7 8. Be3
Qc7 9. Bb3 b5 10. a4 b4 11. Nd5 Nxd5 12. Qxd5 Bb7 13. Qxf7+ Kd8 14. Qxg7 Rf8
15. Bg5 Bxe4 16. Qxf8+ 1-0

[Event "5. Open Memorial Pedro Lezcano 2012"]
[Site "Gran Canaria ESP"]
[Date "2012.04.05"]
[Round "5.36"]
[White "Suarez Ramirez, Jonay"]
[Black "Martinez Rubio, Felipe"]
[Result "0-1"]
[WhiteElo "1492"]
[BlackElo "1853"]
[PlyCount "126"]
[EventDate "2012.04.02"]
[EventType "swiss"]
[EventRounds "9"]
[EventCountry "ESP"]
[Source "lmi"]
[SourceDate "2012.04.02"]

1. d4 Nf6 2. c4 e6 3. Nc3 d5 4. Bg5 Nbd7 5. Nf3 c6 6. e3 Qa5 7. cxd5 exd5 8.
Bd3 Ne4 9. Qc2 Nxg5 10. Nxg5 h6 11. Nf3 Bd6 12. O-O O-O 13. a3 Nf6 14. h3 Re8
15. Rfe1 Bd7 16. b4 Qd8 17. Na4 b6 18. Rac1 Rc8 19. Qb3 Qe7 20. Nc3 Be6 21. Qb2
c5 22. dxc5 bxc5 23. Nb5 Bb8 24. bxc5 Rxc5 25. Nbd4 Rxc1 26. Rxc1 Ne4 27. Nc6
Qd6 28. Qb7 Nc5 29. Rxc5 Qxc5 30. Nxb8 Qxa3 31. Bf1 Qc5 32. Nd7 Qe7 33. Bb5 Rd8
34. Nfe5 Qd6 35. Qxa7 f6 36. Qc5 Qxc5 37. Nxc5 fxe5 38. Nxe6 Rd6 39. Nc5 Kf7
40. Be2 Ke7 41. Bg4 Rc6 42. Nd7 Rc1+ 43. Kh2 h5 44. Bf5 g6 45. Bxg6 Kxd7 46.
Bxh5 d4 47. Kg3 d3 48. Kf3 d2 49. Ke4 Kd6 50. f4 exf4 51. exf4 d1=Q 52. Bxd1
Rxd1 53. Kf3 Ke6 54. Kg4 Kf6 55. g3 Rd5 56. Kh4 Kf5 57. Kh5 Rd3 58. g4+ Kxf4
59. h4 Rd8 60. g5 Kf5 61. Kh6 Rh8+ 62. Kg7 Rxh4 63. g6 Rg4 0-1

[Event "5. Open Memorial Pedro Lezcano 2012"]
[Site "Gran Canaria ESP"]
[Date "2012.04.05"]
[Round "5.37"]
[White "Ramirez Maillo, Juan Adonay"]
[Black "Diaz Suarez, Cayetano"]
[Result "0-1"]
[WhiteElo "1575"]
[BlackElo "1827"]
[PlyCount "52"]
[EventDate "2012.04.02"]
[EventType "swiss"]
[EventRounds "9"]
[EventCountry "ESP"]
[Source "lmi"]
[SourceDate "2012.04.02"]

1. e4 Nf6 2. e5 Nd5 3. d4 d6 4. Nf3 dxe5 5. Nxe5 Nd7 6. Bd3 Nxe5 7. dxe5 e6 8.
a3 Be7 9. c4 Nb6 10. Qe2 c5 11. O-O Bd7 12. Nc3 Qc7 13. Bf4 Bc6 14. Rad1 O-O-O
15. Ra1 g5 16. Bg3 h5 17. f4 h4 18. Be1 gxf4 19. Rxf4 Rhg8 20. Ne4 Qxe5 21.
Rxf7 Rxd3 22. Qxd3 Bxe4 23. Qe3 Rxg2+ 24. Kf1 Nxc4 25. Qb3 Qxh2 26. Bf2 Nd2+
0-1

[Event "5. Open Memorial Pedro Lezcano 2012"]
[Site "Gran Canaria ESP"]
[Date "2012.04.05"]
[Round "5.39"]
[White "Diaz Martin, Carolina"]
[Black "Guerrero Ruiz, Jose Luis"]
[Result "0-1"]
[WhiteElo "1469"]
[BlackElo "1744"]
[PlyCount "90"]
[EventDate "2012.04.02"]
[EventType "swiss"]
[EventRounds "9"]
[EventCountry "ESP"]
[Source "lmi"]
[SourceDate "2012.04.02"]

1. e4 d6 2. Nf3 Bg4 3. h3 Bh5 4. Nc3 Nc6 5. Be2 h6 6. d4 e6 7. Bb5 a6 8. Bxc6+
bxc6 9. g4 Bg6 10. Be3 Rb8 11. b3 Nf6 12. e5 Nd5 13. Nxd5 cxd5 14. O-O h5 15.
Nh2 hxg4 16. hxg4 Qh4 17. Bf4 dxe5 18. Bg3 Qh3 19. Qe1 f6 20. f3 Bb4 21. Qf2
Bc3 22. Qg2 Bxd4+ 23. Bf2 Bxa1 24. Qxh3 Rxh3 25. Kg2 Rh7 26. Rxa1 Kd7 27. Rc1
e4 28. fxe4 Bxe4+ 29. Kg3 Rbh8 30. Bg1 Rh3+ 31. Kf2 Rxh2+ 32. Bxh2 Rxh2+ 33.
Kg3 Rg2+ 34. Kh4 g5+ 35. Kh3 Rxc2 36. Rxc2 Bxc2 37. Kg3 d4 38. Kf2 d3 39. Ke3
f5 40. gxf5 exf5 41. a3 g4 42. a4 g3 43. b4 c6 44. a5 f4+ 45. Kd2 g2 0-1

[Event "5. Open Memorial Pedro Lezcano 2012"]
[Site "Gran Canaria ESP"]
[Date "2012.04.05"]
[Round "5.40"]
[White "Monteiro Rodrigues, Carlos"]
[Black "Diaz Martin, Cristina"]
[Result "1/2-1/2"]
[WhiteElo "1619"]
[BlackElo "1407"]
[PlyCount "63"]
[EventDate "2012.04.02"]
[EventType "swiss"]
[EventRounds "9"]
[EventCountry "ESP"]
[Source "lmi"]
[SourceDate "2012.04.02"]

1. e4 e5 2. Nf3 Nc6 3. Bc4 Bc5 4. b4 Bxb4 5. c3 Bc5 6. O-O d6 7. d4 Bb6 8. dxe5
dxe5 9. Qb3 Qe7 10. Ba3 Qf6 11. Bd5 Nge7 12. Nbd2 Bg4 13. Bxe7 Qxe7 14. h3 Bh5
15. Qc4 O-O 16. Rfe1 Na5 17. Qa4 Qc5 18. Re2 Qxc3 19. Qd1 c6 20. Rc1 Qb4 21.
Rb1 Qe7 22. Bb3 Nxb3 23. Qxb3 Rad8 24. g4 Bg6 25. Nc4 Bd4 26. a4 Qf6 27. Kg2
Qf4 28. Rbe1 b5 29. axb5 cxb5 30. Nb2 Bxb2 31. Qxb2 Rb8 32. Nxe5 1/2-1/2